| 000 | 00704nam a2200229 i 4500 | ||
|---|---|---|---|
| 001 | 17425 | ||
| 003 | ES-MaACL | ||
| 005 | 20230906151559.0 | ||
| 007 | t| | ||
| 008 | 050301s1999 sp ||||1| spa d | ||
| 020 | _a84-344-1176-8 | ||
| 080 | _a316.62-053.81 | ||
| 100 | 1 |
_aFeixa, Carles. _949136 |
|
| 245 | 1 | 0 |
_aDe jóvenes, bandas y tribus _b: antropología de la juventud / _cCarles Feixa ; [prefacio de Michel Maffesoli]. |
| 250 | _a2ª ed. | ||
| 260 |
_aBarcelona : _bAriel, _c1999. |
||
| 300 |
_a287 p. ; _c21 cm. |
||
| 504 | _aBibliografía: p. [273]-284. | ||
| 650 | 4 |
_aJóvenes- _xConducta social. _913947 |
|
| 700 | 1 |
_aMaffesoli, Michel. _975426 |
|
| 852 |
_aES-MaACL _jL-24390 _bR.129530 |
||
| 999 |
_c17425 _d17425 |
||